[Event "27.Schlosspark-Open"]
[Site "Wiesbaden-Biebrich"]
[Date "2015.08.27"]
[Round "1.57"]
[White "Lehmann, Tim"]
[Black "Krüger, Stefan"]
[Result "0-1"]
[WhiteElo "1560"]
[BlackElo "1951"]
[PlyCount "118"]
[EventDate "2015.??.??"]
[WhiteTeam "SV Lahn Limburg"]
[BlackTeam "SF Leherheide"]

1. e4 c5 2. Nc3 Nc6 3. d3 g6 4. g3 Bg7 5. Bg2 d6 6. f4 e5 7. Nf3 Nge7 8. Be3
O-O 9. O-O Nd4 10. Ne2 Nxf3+ 11. Bxf3 exf4 12. Nxf4 Bxb2 13. Rb1 Bg7 14. Bg2
Rb8 15. d4 cxd4 16. Bxd4 Bg4 17. Qd3 Bxd4+ 18. Qxd4 Nc6 19. Qd5 Qe7 20. a4 Be6
21. Qd2 Ne5 22. Nd5 Bxd5 23. Qxd5 Rfc8 24. Qb3 Rc5 25. Rfd1 Qc7 26. Rdc1 b6 27.
Rb2 Re8 28. Rd1 Rc3 29. Qd5 Nc4 30. Qb5 Re5 31. Rd5 Rxd5 32. exd5 Nxb2 33. Qxb2
Qc5+ 34. Kh1 Rxc2 35. Qf6 Rc1+ 36. Bf1 Qxd5+ 37. Kg1 Qd1 38. Kg2 Qxf1+ 39. Qxf1
Rxf1 40. Kxf1 Kg7 41. Ke2 Kf6 42. Kd3 Ke5 43. Kc4 a6 44. Kd3 d5 45. h3 f5 46.
h4 b5 47. axb5 axb5 48. h5 gxh5 49. g4 hxg4 50. Ke2 b4 51. Kf2 b3 52. Kg3 b2
53. Kh4 b1=Q 54. Kg5 Qc1+ 55. Kh4 Qh6+ 56. Kg3 Qh3+ 57. Kf2 Ke4 58. Kg1 Qf3 59.
Kh2 d4 0-1

[Event "27.Schlosspark-Open"]
[Site "Wiesbaden-Biebrich"]
[Date "2015.08.27"]
[Round "1.58"]
[White "Cichy, Michael"]
[Black "Künne, Lutz Dieter"]
[Result "1-0"]
[WhiteElo "1948"]
[BlackElo "1556"]
[PlyCount "81"]
[EventDate "2015.??.??"]
[WhiteTeam "SC BS Gliesmarode"]
[BlackTeam "KC Jena"]

1. d4 d5 2. Nf3 Nf6 3. c4 c6 4. Qc2 e6 5. Bg5 h6 6. Bxf6 Qxf6 7. e3 dxc4 8.
Bxc4 Bd6 9. Nc3 Qd8 10. O-O Nd7 11. Rfd1 O-O 12. Ne4 Nf6 13. Nxd6 Qxd6 14. e4
Qc7 15. Rac1 a6 16. a3 b5 17. Ba2 Bb7 18. Bb1 g6 19. h4 Qe7 20. Qd2 Kg7 21. Qf4
Nh5 22. Qe3 Nf6 23. Ne5 Rac8 24. g3 Nd7 25. Nxd7 Qxd7 26. e5 Qe7 27. Be4 f5 28.
exf6+ Qxf6 29. f4 Rf7 30. Rc3 Rd7 31. Rc5 Rcd8 32. Re5 Rd6 33. Bf3 Bc8 34. h5
c5 35. d5 exd5 36. Rdxd5 Rxd5 37. Bxd5 gxh5 38. Qxc5 Qd6 39. Re7+ Kf8 40. Qd4
Qxd5 41. Qg7# 1-0

[Event "27.Schlosspark-Open"]
[Site "Wiesbaden-Biebrich"]
[Date "2015.08.27"]
[Round "1.59"]
[White "Viol, Julius"]
[Black "Schöber, Sebastian"]
[Result "1/2-1/2"]
[WhiteElo "1555"]
[BlackElo "1943"]
[PlyCount "35"]
[EventDate "2015.??.??"]
[WhiteTeam "FC Bierstadt"]
[BlackTeam "SC Diez"]

1. d4 Nf6 2. Nf3 e6 3. g3 b6 4. Bg2 Bb7 5. O-O c5 6. c3 Be7 7. Bg5 O-O 8. Qc2
d6 9. Bxf6 Bxf6 10. Ng5 Bxg5 11. Bxb7 Nd7 12. Bxa8 Qxa8 13. Nd2 f5 14. Nf3 Bf6
15. Qb3 d5 16. Rad1 c4 17. Qc2 g5 18. Qd2 1/2-1/2

[Event "27.Schlosspark-Open"]
[Site "Wiesbaden-Biebrich"]
[Date "2015.08.27"]
[Round "1.60"]
[White "Stork, Oliver"]
[Black "Reitz, Theresa"]
[Result "1-0"]
[WhiteElo "1934"]
[BlackElo "1547"]
[PlyCount "57"]
[EventDate "2015.??.??"]
[WhiteTeam "SV Oberursel"]
[BlackTeam "VfR-SC Koblenz"]

1. c4 Nf6 2. g3 g6 3. Bg2 Bg7 4. Nc3 e5 5. d3 O-O 6. e4 d6 7. Nge2 Nbd7 8. O-O
a5 9. h3 Re8 10. Be3 Nc5 11. Qd2 Bd7 12. f4 Ne6 13. f5 Nc5 14. g4 c6 15. Ng3 b5
16. g5 Nh5 17. fxg6 hxg6 18. Nxh5 gxh5 19. cxb5 cxb5 20. Qe2 h4 21. Nd5 Re6 22.
Qh5 Rg6 23. Rxf7 Kxf7 24. Rf1+ Kg8 25. Qxg6 Be8 26. Nf6+ Qxf6 27. Qxe8+ Rxe8
28. gxf6 Bf8 29. f7+ 1-0

[Event "27.Schlosspark-Open"]
[Site "Wiesbaden-Biebrich"]
[Date "2015.08.27"]
[Round "1.61"]
[White "Nasshan, Erich"]
[Black "Zimmer, Gerald"]
[Result "0-1"]
[WhiteElo "1543"]
[BlackElo "1934"]
[PlyCount "86"]
[EventDate "2015.??.??"]
[WhiteTeam "SC Ramstein"]
[BlackTeam "SC Bergen-Enkheim"]

1. c4 e6 2. g3 d5 3. Bg2 Nf6 4. Nf3 Bd6 5. O-O Bd7 6. d3 c5 7. b3 Bc6 8. Bb2
Nbd7 9. Nbd2 a5 10. a4 Qc7 11. Rb1 d4 12. e4 O-O-O 13. Ng5 Ne5 14. Ndf3 Nxf3+
15. Nxf3 h6 16. Qe2 Nd7 17. Ne1 g5 18. Bc1 e5 19. Bh3 Kb8 20. Bd2 b6 21. Nc2
Nf6 22. Qf3 Qe7 23. Bf5 Rdg8 24. g4 h5 25. h3 hxg4 26. Bxg4 Nxg4 27. hxg4 Rh4
28. Kg2 Bd7 29. Rg1 Bxg4 30. Qg3 Be2 31. Rbe1 Rg4 32. Rxe2 Rxg3+ 33. fxg3 Rh8
34. Rf2 Qe6 35. Rf5 f6 36. Na3 Be7 37. Nc2 Qg8 38. Rff1 Rh5 39. Kf3 Rh2 40. Rg2
Qh7 41. Rxh2 Qxh2 42. Rf2 Qh1+ 43. Rg2 Qd1+ 0-1

[Event "27.Schlosspark-Open"]
[Site "Wiesbaden-Biebrich"]
[Date "2015.08.27"]
[Round "1.62"]
[White "Neukirchner, Pascal"]
[Black "Busch, Günther"]
[Result "1-0"]
[WhiteElo "1932"]
[BlackElo "1528"]
[PlyCount "89"]
[EventDate "2015.??.??"]
[WhiteTeam "SK Gründau"]
[BlackTeam "FC Bierstadt"]

1. Nf3 d6 2. d4 g6 3. c4 Bg7 4. Nc3 a6 5. e4 e6 6. Be2 Ne7 7. Be3 Nd7 8. Qd2 b6
9. h4 h6 10. O-O-O Bb7 11. h5 g5 12. Nxg5 hxg5 13. Bxg5 Bf6 14. f4 Ng8 15. h6
Nf8 16. Rh5 Nh7 17. Qe3 Qe7 18. Bf3 O-O-O 19. e5 dxe5 20. dxe5 Rxd1+ 21. Kxd1
Bxg5 22. fxg5 Qd7+ 23. Kc2 Ne7 24. Rh1 Nf5 25. Bxb7+ Kxb7 26. Qe4+ Qc6 27.
Qxc6+ Kxc6 28. Ne4 Rg8 29. Kd3 Rd8+ 30. Kc3 Ne3 31. g3 Ng4 32. Nf6 Ngxf6 33.
gxf6 Rg8 34. Rh3 Nf8 35. Kd4 Rg4+ 36. Kc3 Nh7 37. b4 Re4 38. Rh5 Re3+ 39. Kd4
Rxg3 40. Rh2 Rg4+ 41. Kd3 b5 42. cxb5+ axb5 43. a3 Kd5 44. Rc2 c6 45. Rc5# 1-0

[Event "27.Schlosspark-Open"]
[Site "Wiesbaden-Biebrich"]
[Date "2015.08.27"]
[Round "1.63"]
[White "Triantafillidis, Simeon"]
[Black "Achtmann, Armin"]
[Result "1-0"]
[WhiteElo "1513"]
[BlackElo "1928"]
[PlyCount "55"]
[EventDate "2015.??.??"]
[WhiteTeam "SF HN-Biberach"]
[BlackTeam "TuS Dotzheim"]

1. e4 c6 2. d4 d5 3. exd5 cxd5 4. c4 Nf6 5. Nc3 Nc6 6. Bg5 dxc4 7. Bxc4 e6 8.
Nge2 Be7 9. O-O O-O 10. Qd2 a6 11. a4 b6 12. Qe3 Nd5 13. Nxd5 Bxg5 14. Ndf4 Qf6
15. d5 Ne5 16. Bb3 Ng4 17. Qg3 e5 18. Nd3 e4 19. Ndf4 Bh4 20. Qc3 Qh6 21. h3
Bg5 22. Qc6 Bxf4 23. Qxa8 Nh2 24. Ng3 Bxh3 25. Qc6 Be6 26. dxe6 Ng4 27. exf7+
Kh8 28. Qxh6 1-0

[Event "27.Schlosspark-Open"]
[Site "Wiesbaden-Biebrich"]
[Date "2015.08.27"]
[Round "1.64"]
[White "Rump, Andreas"]
[Black "Kirchner, Stefan"]
[Result "1-0"]
[WhiteElo "1927"]
[BlackElo "1497"]
[PlyCount "57"]
[EventDate "2015.??.??"]
[WhiteTeam "SG Idstein"]
[BlackTeam "SF Schöneck"]

1. e4 e6 2. d4 d5 3. Nc3 Nf6 4. e5 Nfd7 5. Nf3 Be7 6. a3 a5 7. Bd3 c5 8. Bb5
O-O 9. O-O Na6 10. Bf4 Nc7 11. a4 b6 12. Bc6 Rb8 13. Qd2 Bb7 14. Bb5 Ra8 15.
Rad1 Na6 16. Ne2 Nb4 17. c3 Nc6 18. Ng3 Na7 19. Bd3 f5 20. exf6 Nxf6 21. Ng5
Qd7 22. Be5 g6 23. Qe2 Nc6 24. f4 Nxe5 25. fxe5 Ne8 26. Nxh7 Rxf1+ 27. Rxf1 Bh4
28. Qg4 Bxg3 29. Rf8+ 1-0

[Event "27.Schlosspark-Open"]
[Site "Wiesbaden-Biebrich"]
[Date "2015.08.27"]
[Round "1.65"]
[White "Börkey, Joel"]
[Black "Kobs, Stephan"]
[Result "0-1"]
[WhiteElo "1482"]
[BlackElo "1920"]
[PlyCount "80"]
[EventDate "2015.??.??"]
[WhiteTeam "Wiesbadener SV"]
[BlackTeam "Hildesheimer SV"]

1. d4 Nf6 2. c4 c5 3. d5 b5 4. cxb5 a6 5. bxa6 Bxa6 6. e3 Bxf1 7. Kxf1 d6 8. g3
g6 9. Kg2 Bg7 10. Nf3 O-O 11. Nc3 Nbd7 12. Bd2 Qb6 13. Qc2 Rfb8 14. Rab1 Ng4
15. a3 Qb3 16. Qxb3 Rxb3 17. h3 Nge5 18. Nxe5 Nxe5 19. Rhc1 Nc4 20. Be1 Rxb2
21. Rxb2 Nxb2 22. Ra1 Na4 23. Rc1 Nxc3 24. Bxc3 Rxa3 25. Bxg7 Kxg7 26. Kf3 Rd3
27. Ke4 Rd2 28. f3 f5+ 29. Kf4 Rxd5 30. e4 Rd3 31. exf5 gxf5 32. Rf1 Kf6 33. g4
e5+ 34. Kg3 e4 35. Kf4 Rxf3+ 36. Rxf3 exf3 37. Kxf3 fxg4+ 38. hxg4 Kg5 39. Kg3
c4 40. Kf3 d5 0-1

[Event "27.Schlosspark-Open"]
[Site "Wiesbaden-Biebrich"]
[Date "2015.08.27"]
[Round "1.66"]
[White "Rochau, Normen"]
[Black "Wößmann, David"]
[Result "1-0"]
[WhiteElo "1917"]
[BlackElo "1476"]
[PlyCount "61"]
[EventDate "2015.??.??"]
[WhiteTeam "Karlsruher SF"]
[BlackTeam "Biebertaler SF"]

1. e4 e5 2. Nf3 Nc6 3. Bb5 a6 4. Ba4 Nf6 5. O-O b5 6. Bb3 Bc5 7. d3 O-O 8. Bg5
h6 9. Bh4 Be7 10. Bg3 d6 11. a4 Bg4 12. h3 Bh5 13. c3 Na5 14. Bc2 d5 15. Bxe5
dxe4 16. dxe4 Nc4 17. Qxd8 Bxd8 18. Bd4 Rc8 19. b3 Nd6 20. e5 c5 21. Be3 Nd5
22. exd6 Nxe3 23. fxe3 Rc6 24. axb5 axb5 25. Na3 b4 26. cxb4 cxb4 27. Nc4 Bf6
28. Ra5 g5 29. Nfe5 Bxe5 30. Rxe5 f6 31. Re6 1-0

[Event "27.Schlosspark-Open"]
[Site "Wiesbaden-Biebrich"]
[Date "2015.08.27"]
[Round "1.67"]
[White "Goodwin, David"]
[Black "Mütsch, Annmarie"]
[Result "0-1"]
[WhiteElo "1462"]
[BlackElo "1914"]
[PlyCount "66"]
[EventDate "2015.??.??"]
[WhiteTeam "SV Kelsterbach"]
[BlackTeam "SC Eppingen"]

1. Nf3 Nf6 2. g3 e6 3. Bg2 d6 4. d3 Nc6 5. e4 e5 6. O-O Be7 7. Bd2 O-O 8. Nc3
h6 9. a3 a5 10. Rb1 Bg4 11. Qc1 Nh7 12. Nd5 Bxf3 13. Nxe7+ Qxe7 14. Bxf3 Nd4
15. Bd1 f5 16. c3 Ne6 17. exf5 Rxf5 18. Bg4 Rf6 19. f4 exf4 20. Bxe6+ Qxe6 21.
Bxf4 Raf8 22. Qd2 Qh3 23. Qg2 Qg4 24. Be3 Rf3 25. Rxf3 Rxf3 26. Bd4 Ng5 27. Rf1
c5 28. Bf2 Nh3+ 29. Kh1 Qf5 30. g4 Qf7 31. g5 Nxf2+ 32. Kg1 Nh3+ 33. Kh1 Rxf1+
0-1

[Event "27.Schlosspark-Open"]
[Site "Wiesbaden-Biebrich"]
[Date "2015.08.27"]
[Round "1.68"]
[White "Modric, Vladimir"]
[Black "Held, Gerd"]
[Result "1-0"]
[WhiteElo "1911"]
[BlackElo "1450"]
[PlyCount "71"]
[EventDate "2015.??.??"]
[WhiteTeam "SC Nied"]
[BlackTeam "SC Groß-Zimmern"]

1. d4 g6 2. Bf4 Bg7 3. Nf3 Nf6 4. e3 c5 5. c3 cxd4 6. exd4 b6 7. Bd3 Bb7 8.
Nbd2 O-O 9. h3 d6 10. O-O Nc6 11. Re1 Re8 12. Nf1 Nd5 13. Bh2 e5 14. Bc4 Na5
15. Bb5 Nc6 16. dxe5 dxe5 17. Bxc6 Bxc6 18. Nxe5 Bxe5 19. Bxe5 Qg5 20. Bg3 Rxe1
21. Qxe1 Nf4 22. Qd2 Qd5 23. Qxd5 Ne2+ 24. Kh2 Bxd5 25. Ne3 Nxg3 26. Kxg3 Be6
27. Nc2 Rd8 28. Nd4 Bd5 29. a4 a6 30. Re1 Kf8 31. Rd1 Re8 32. f3 Rc8 33. Kf4
Re8 34. Rd2 Rc8 35. Ke5 Rc5 36. b4 1-0

[Event "27.Schlosspark-Open"]
[Site "Wiesbaden-Biebrich"]
[Date "2015.08.27"]
[Round "1.69"]
[White "Laux, Dominik"]
[Black "Adam, Wilfried"]
[Result "0-1"]
[WhiteElo "1273"]
[BlackElo "1904"]
[PlyCount "44"]
[EventDate "2015.??.??"]
[WhiteTeam "VSG Offenbach"]
[BlackTeam "SC Bad Wimpfen"]

1. d4 Nf6 2. Nf3 g6 3. Bf4 h6 4. e3 Bg7 5. Nbd2 O-O 6. Be2 d6 7. c3 Nbd7 8. h3
b6 9. O-O Bb7 10. Rc1 c5 11. a3 Re8 12. Qc2 Rc8 13. Qb1 e5 14. Bh2 e4 15. Ne1
d5 16. Nc2 Nf8 17. Rfe1 N6h7 18. Qa2 Ne6 19. c4 cxd4 20. exd4 Nxd4 21. Nxd4
Bxd4 22. cxd5 Bxf2+ 0-1

[Event "27.Schlosspark-Open"]
[Site "Wiesbaden-Biebrich"]
[Date "2015.08.27"]
[Round "1.70"]
[White "Krastev, Alexander"]
[Black "Schreer, Maxima"]
[Result "1-0"]
[WhiteElo "1900"]
[BlackElo "1410"]
[PlyCount "79"]
[EventDate "2015.??.??"]
[WhiteTeam "Biebertaler SF"]
[BlackTeam "SF Friedberg"]

1. e4 e5 2. Nf3 Nc6 3. Bc4 Bc5 4. c3 Nf6 5. d3 d6 6. Bb3 Bg4 7. Nbd2 O-O 8. h3
Bh5 9. Nf1 d5 10. Qe2 dxe4 11. dxe4 h6 12. Ng3 Bg6 13. O-O Re8 14. Rd1 Qe7 15.
Nh4 Bh7 16. Nhf5 Bxf5 17. Nxf5 Qf8 18. Qf3 Ne7 19. Nxh6+ gxh6 20. Qxf6 Qg7 21.
Qxh6 Qxh6 22. Bxh6 Red8 23. h4 Kh7 24. Bg5 Rf8 25. Bf6 Nc6 26. Rd5 Bd6 27. Rad1
Kg6 28. Bg5 f6 29. Be3 Rh8 30. g3 a6 31. Kg2 Raf8 32. Bc2 Ne7 33. R5d2 Kh5 34.
f3 Rhg8 35. c4 b6 36. a3 f5 37. exf5 e4 38. g4+ Kxh4 39. Rh1+ Bh2 40. Rxh2# 1-0

[Event "27.Schlosspark-Open"]
[Site "Wiesbaden-Biebrich"]
[Date "2015.08.27"]
[Round "1.71"]
[White "Lehmann, Nils"]
[Black "Schmitt, Clemens"]
[Result "0-1"]
[WhiteElo "1406"]
[BlackElo "1895"]
[PlyCount "48"]
[EventDate "2015.??.??"]
[WhiteTeam "SV Lahn Limburg"]
[BlackTeam "SV Bergwinkel"]

1. e4 e6 2. d4 d5 3. e5 c5 4. c3 Qb6 5. Nf3 Nc6 6. Be3 Qxb2 7. Nbd2 Qxc3 8. Rc1
Qa5 9. dxc5 f6 10. exf6 Nxf6 11. Bd3 Be7 12. O-O O-O 13. Qc2 Nb4 14. Qc3 Nc6
15. Qc2 e5 16. Qb2 e4 17. Nb3 Qc7 18. Be2 Ng4 19. g3 exf3 20. Bd3 Qd7 21. h3
Nge5 22. Bf5 Qxf5 23. Nd4 Qxh3 24. Nxf3 Nxf3# 0-1

[Event "27.Schlosspark-Open"]
[Site "Wiesbaden-Biebrich"]
[Date "2015.08.27"]
[Round "1.72"]
[White "Schmidt, Volker"]
[Black "Gläßer, Leonhard"]
[Result "1-0"]
[WhiteElo "1892"]
[BlackElo "1403"]
[PlyCount "45"]
[EventDate "2015.??.??"]
[WhiteTeam "TuS Dotzheim"]
[BlackTeam "FC Bierstadt"]

1. c4 c5 2. g3 Nc6 3. Bg2 e6 4. Nc3 Nf6 5. e4 Be7 6. Nge2 O-O 7. O-O h6 8. h3
Qc7 9. d3 e5 10. f4 d6 11. f5 Nd4 12. g4 Nh7 13. Nd5 Qd8 14. Nxe7+ Qxe7 15. Nc3
b6 16. Nd5 Qd8 17. f6 g5 18. h4 Ne6 19. Qf3 Nf4 20. hxg5 hxg5 21. Ne7+ Kh8 22.
Bxf4 exf4 23. Qh3 1-0

[Event "27.Schlosspark-Open"]
[Site "Wiesbaden-Biebrich"]
[Date "2015.08.27"]
[Round "1.73"]
[White "Köllner, Felicitas Ophelia"]
[Black "Fröhlich-Dill, Astrid"]
[Result "0-1"]
[WhiteElo "1402"]
[BlackElo "1890"]
[PlyCount "122"]
[EventDate "2015.??.??"]
[WhiteTeam "SV Bergneustadt/Derschlag"]
[BlackTeam "SV Hofheim"]

1. d4 Nf6 2. Nf3 e6 3. e3 c5 4. c3 d5 5. Bd3 Nc6 6. O-O Bd6 7. Nbd2 O-O 8. dxc5
Bxc5 9. e4 Qc7 10. exd5 exd5 11. Nb3 Bd6 12. h3 h6 13. Be3 a6 14. Nbd4 Ne5 15.
Nxe5 Bxe5 16. Bc2 Bh2+ 17. Kh1 Bf4 18. Bxf4 Qxf4 19. Qf3 Qg5 20. Rfe1 g6 21.
Rad1 Nh5 22. Bb3 Nf4 23. Ne2 Nxe2 24. Rxe2 Be6 25. Bxd5 Rad8 26. Red2 Bxd5 27.
Rxd5 Rxd5 28. Qxd5 Qe7 29. Qd7 Qe2 30. Qd2 Qb5 31. b3 Qf5 32. f3 h5 33. Qd7 Qc2
34. Qd2 Qf5 35. Re1 Qf6 36. Qd4 Qf5 37. Re2 Qg5 38. Qe3 Qf6 39. c4 h4 40. Qe7
Qd4 41. Kh2 Qf4+ 42. Kg1 Qd4+ 43. Kf1 Rd8 44. Qxb7 Qa1+ 45. Kf2 Rd1 46. Qb8+
Kh7 47. Qf4 Rf1+ 48. Ke3 Qc3+ 49. Ke4 f5+ 50. Kd5 Qd3+ 51. Kc5 Qxe2 52. Qc7+
Kh6 53. Qf4+ Kg7 54. Qd4+ Kf7 55. Qd5+ Qe6 56. Qb7+ Qe7+ 57. Qxe7+ Kxe7 58. Kb6
Ra1 59. c5 Kd7 60. Kxa6 Kc6 61. b4 Rxa2# 0-1

[Event "27.Schlosspark-Open"]
[Site "Wiesbaden-Biebrich"]
[Date "2015.08.27"]
[Round "1.74"]
[White "Klebs, Sebastian"]
[Black "Schneider, Luca"]
[Result "1-0"]
[WhiteElo "1890"]
[BlackElo "1377"]
[PlyCount "100"]
[EventDate "2015.??.??"]
[WhiteTeam "Karlsruher SF"]
[BlackTeam "FC Bierstadt"]

1. e4 c5 2. Nf3 a6 3. c4 Nc6 4. Nc3 Qc7 5. Be2 g6 6. d4 cxd4 7. Nxd4 Bg7 8. Be3
d6 9. O-O Nf6 10. Rc1 e5 11. Nf3 Be6 12. Nd5 Qb8 13. Bb6 Bxd5 14. cxd5 Ne7 15.
Qa4+ Kf8 16. Rc7 Qe8 17. Qxe8+ Rxe8 18. Bd3 Rb8 19. Rfc1 Ne8 20. R7c4 Bh6 21.
R1c2 Bg7 22. g4 Bh6 23. Kg2 Bf4 24. Ba7 Rd8 25. Bb6 Rb8 26. h3 h6 27. Ng1 Bg5
28. Ne2 Bf6 29. Kg3 Bg7 30. h4 Bf6 31. Ba7 Ra8 32. Bb6 Rg8 33. Rc1 g5 34. h5
Bg7 35. R4c2 Bf6 36. b4 Kg7 37. a4 Kh7 38. a5 Bg7 39. Rc4 Rf8 40. Bb1 Rb8 41.
Bd3 Bf6 42. Kg2 Kg8 43. Ng3 Ng7 44. Bc7 Rbc8 45. Bxd6 Rxc4 46. Rxc4 Rc8 47.
Rxc8+ Nxc8 48. Bc5 Ne8 49. Nf5 Ng7 50. Nxh6+ Kh7 1-0

[Event "27.Schlosspark-Open"]
[Site "Wiesbaden-Biebrich"]
[Date "2015.08.27"]
[Round "1.75"]
[White "Deutsch, Christoph"]
[Black "Gutacker, Stephan"]
[Result "0-1"]
[WhiteElo "1358"]
[BlackElo "1887"]
[PlyCount "92"]
[EventDate "2015.??.??"]
[WhiteTeam "SK Gründau"]
[BlackTeam "Sfr. Kelkheim"]

1. e4 e5 2. Nf3 Nc6 3. Bb5 Nf6 4. d3 d6 5. O-O Be7 6. Nbd2 O-O 7. c3 Bg4 8. h3
Bd7 9. Re1 a6 10. Ba4 b5 11. Bb3 Na5 12. Bc2 c5 13. Nf1 Qc8 14. Ng3 Rb8 15. a3
Nc6 16. Nh4 g6 17. Nf3 a5 18. Ne2 b4 19. axb4 axb4 20. d4 bxc3 21. bxc3 cxd4
22. cxd4 exd4 23. Nexd4 Ne5 24. Nxe5 dxe5 25. Nf3 Rd8 26. Qd3 Bxh3 27. Qe2 Bg4
28. Ba4 Qb7 29. Qe3 Bxf3 30. Qxf3 Rd4 31. Bg5 Nh5 32. Bxe7 Qxe7 33. Bc6 Qd6 34.
Bd5 Nf6 35. Ra7 Rf8 36. Bb3 Kg7 37. Rc1 Rd3 38. Rc6 Rxf3 39. Rxd6 Rxb3 40. f3
Rb5 41. Raa6 Nh5 42. Rd5 Rxd5 43. exd5 Rd8 44. d6 Rd7 45. Rc6 Kf6 46. Kf2 Ke6
0-1

[Event "27.Schlosspark-Open"]
[Site "Wiesbaden-Biebrich"]
[Date "2015.08.27"]
[Round "1.76"]
[White "Lang, Micha"]
[Black "Bayer, Martin"]
[Result "1-0"]
[WhiteElo "1885"]
[BlackElo "1357"]
[PlyCount "75"]
[EventDate "2015.??.??"]
[WhiteTeam "SC Weiterstadt"]
[BlackTeam "SK Gründau"]

1. c4 e5 2. g3 Nf6 3. Bg2 Bc5 4. Nc3 d6 5. e3 Nc6 6. Nge2 Bg4 7. O-O O-O 8. h3
Bh5 9. g4 Bg6 10. d4 exd4 11. exd4 Bb4 12. Bg5 Bxc3 13. Nxc3 h6 14. Bh4 Re8 15.
Nd5 Rb8 16. Qd2 Kh7 17. Rfe1 Rg8 18. Re2 Rh8 19. Rae1 Rc8 20. Bxf6 gxf6 21. b4
a6 22. a4 Kg7 23. b5 Na7 24. Qf4 h5 25. Re7 hxg4 26. Qxf6+ Kg8 27. hxg4 Rh7 28.
Nf4 Bc2 29. Bxb7 Rb8 30. Bd5 Qf8 31. Rxf7 Rxf7 32. Re7 Qg7 33. Bxf7+ Kh8 34.
Qxg7+ Kxg7 35. Rxc7 Nxb5 36. cxb5 Bxa4 37. bxa6 Ra8 38. Bd5+ 1-0

[Event "27.Schlosspark-Open"]
[Site "Wiesbaden-Biebrich"]
[Date "2015.08.27"]
[Round "1.77"]
[White "Wachsmann, Elmar"]
[Black "Donecker, Stefan"]
[Result "0-1"]
[WhiteElo "1356"]
[BlackElo "1879"]
[PlyCount "30"]
[EventDate "2015.??.??"]
[WhiteTeam "SC Groß-Umstadt"]
[BlackTeam "TuS Dotzheim"]

1. d4 f5 2. Nf3 Nf6 3. c4 e6 4. a3 d5 5. Bf4 c6 6. e3 Bd6 7. Nc3 O-O 8. Bd3
Bxf4 9. exf4 Ne4 10. O-O Bd7 11. Nd2 Qh4 12. g3 Qh3 13. f3 Nxg3 14. hxg3 Qxg3+
15. Kh1 Rf6 0-1

[Event "27.Schlosspark-Open"]
[Site "Wiesbaden-Biebrich"]
[Date "2015.08.27"]
[Round "1.78"]
[White "Körbel, Ekkehard"]
[Black "Börkey, Pierre"]
[Result "1-0"]
[WhiteElo "1871"]
[BlackElo "1331"]
[PlyCount "89"]
[EventDate "2015.??.??"]
[WhiteTeam "SK Geisenheim"]
[BlackTeam "Wiesbadener SV"]

1. e4 c5 2. Nc3 a6 3. g3 b5 4. Bg2 Bb7 5. d3 Nf6 6. f4 e6 7. Nh3 Be7 8. O-O b4
9. Na4 O-O 10. Be3 d6 11. c4 Nbd7 12. Nf2 Rb8 13. Rc1 Qc7 14. g4 d5 15. cxd5
exd5 16. e5 Ne8 17. Nxc5 Nxc5 18. Bxc5 Bxc5 19. d4 f6 20. Rxc5 Qd7 21. Qb3 fxe5
22. fxe5 Nc7 23. Rfc1 Qf7 24. R5c2 Bc8 25. Qe3 Nb5 26. Rc5 Bb7 27. e6 Qe7 28.
Bxd5 Bxd5 29. Rxd5 Rbd8 30. Re5 Rf6 31. d5 Rdf8 32. Rc2 Rf4 33. Rf5 Rxg4+ 34.
Nxg4 Rxf5 35. Rc8+ Rf8 36. Rxf8+ Qxf8 37. e7 Qe8 38. Qe6+ Kh8 39. Ne5 h6 40.
Qf7 Nd6 41. Qf8+ Kh7 42. Nf7 a5 43. Qxe8 Nxe8 44. d6 Nf6 45. d7 1-0

[Event "27.Schlosspark-Open"]
[Site "Wiesbaden-Biebrich"]
[Date "2015.08.27"]
[Round "1.79"]
[White "Deutsch, Volker"]
[Black "Siegismund, Florian"]
[Result "0-1"]
[WhiteElo "1329"]
[BlackElo "1869"]
[PlyCount "114"]
[EventDate "2015.??.??"]
[WhiteTeam "SK Gründau"]
[BlackTeam "SK Bad Schwalbach"]

1. e4 c5 2. Nf3 e6 3. d4 cxd4 4. Nxd4 a6 5. Nc3 Qc7 6. Be2 Nf6 7. O-O Bb4 8.
Qd3 b5 9. Bg5 Bxc3 10. bxc3 Bb7 11. Bxf6 gxf6 12. Nf3 Qf4 13. Qd4 Nc6 14. Qb6
Rb8 15. Bd3 Ne5 16. Nxe5 Qxe5 17. Qd4 Rc8 18. f4 Qc5 19. Qxc5 Rxc5 20. a4 bxa4
21. Rxa4 Rxc3 22. Rb1 Bc8 23. Rb8 O-O 24. e5 f5 25. Rb3 Rc7 26. c3 Bb7 27. Rba3
Rfc8 28. Bxa6 Bxa6 29. Rxa6 Rxc3 30. Rxc3 Rxc3 31. Rd6 Rc7 32. h3 f6 33. Kf2
Kf7 34. Kg3 Ke7 35. Kh4 fxe5 36. fxe5 Rc5 37. Kh5 Rxe5 38. Rd3 d5 39. Kh6 Kf6
40. h4 f4 41. Rf3 Kf5 42. h5 Kg4 43. Rc3 Rxh5+ 44. Kg7 e5 45. Rc6 e4 46. Re6 f3
47. gxf3+ exf3 48. Rf6 Rf5 49. Rh6 f2 50. Rh1 f1=Q 51. Rxf1 Rxf1 52. Kxh7 Rf6
53. Kg7 Kg5 54. Kh7 Rf7+ 55. Kh8 Kg6 56. Kg8 d4 57. Kh8 Rf8# 0-1

[Event "27.Schlosspark-Open"]
[Site "Wiesbaden-Biebrich"]
[Date "2015.08.27"]
[Round "1.80"]
[White "Bolduan, Michael"]
[Black "Peschk, Kathrin"]
[Result "1/2-1/2"]
[WhiteElo "1867"]
[BlackElo "1309"]
[PlyCount "56"]
[EventDate "2015.??.??"]
[WhiteTeam "SC Taunusstein"]
[BlackTeam "SV Groß-Gerau"]

1. Nf3 d5 2. b3 Nf6 3. Bb2 Nc6 4. e3 Bg4 5. Bb5 e6 6. h3 Bh5 7. g4 Bg6 8. Ne5
Qd6 9. d4 Be7 10. Ba3 Qd8 11. Nxc6 bxc6 12. Bxc6+ Kf8 13. Bxa8 Qxa8 14. O-O Ne4
15. Qe1 c6 16. Qa5 Qb8 17. c4 Ng3 18. Bxe7+ Kxe7 19. Qc5+ Kd7 20. Rd1 Ne4 21.
Qa5 Nxf2 22. Rd2 Qg3+ 23. Kf1 Qxh3+ 24. Kxf2 Qh2+ 25. Kf1 Qh1+ 26. Kf2 Qh2+ 27.
Kf1 Qh1+ 28. Kf2 Qh2+ 1/2-1/2

[Event "27.Schlosspark-Open"]
[Site "Wiesbaden-Biebrich"]
[Date "2015.08.27"]
[Round "1.81"]
[White "Tampe, Friederike"]
[Black "Mangei, Jasmin"]
[Result "1/2-1/2"]
[WhiteElo "1297"]
[BlackElo "1867"]
[PlyCount "96"]
[EventDate "2015.??.??"]
[WhiteTeam "Schachforum Darmstadt"]
[BlackTeam "SC Untergrombach"]

1. e4 e5 2. Nf3 Nc6 3. Bc4 Bc5 4. d3 Nf6 5. Nc3 h6 6. O-O d6 7. Be3 Bb6 8. Ne2
Bg4 9. Ng3 O-O 10. h3 Be6 11. Bb3 d5 12. exd5 Nxd5 13. Bxb6 axb6 14. Re1 Qf6
15. Nh5 Qf5 16. Ng3 Qf6 17. Nh5 Qg6 18. Nxe5 Nxe5 19. Rxe5 Rfd8 20. Qf3 c6 21.
c3 Nf6 22. Nf4 Qh7 23. Bxe6 fxe6 24. Rxe6 Rf8 25. Qe3 Qf5 26. Qe5 Qxe5 27. Rxe5
Nd7 28. Re7 Nc5 29. Ne6 Nxe6 30. Rxe6 Rf7 31. d4 Raf8 32. Re2 Rf5 33. Rd1 Rd8
34. Red2 b5 35. b3 Kf7 36. f3 Rfd5 37. Kf2 Kf6 38. g3 b6 39. f4 Rf5 40. Kf3 g5
41. g4 Rxf4+ 42. Kg3 Re8 43. Rd3 Kg6 44. Rf3 Rfe4 45. Rdd3 Re2 46. Rf2 R2e3+
47. Rf3 Re2 48. Rf2 R2e3+ 1/2-1/2

[Event "27.Schlosspark-Open"]
[Site "Wiesbaden-Biebrich"]
[Date "2015.08.27"]
[Round "1.82"]
[White "Hoffmann, Jens"]
[Black "Pantlowsky, Luisa"]
[Result "1-0"]
[WhiteElo "1852"]
[BlackElo "1261"]
[PlyCount "61"]
[EventDate "2015.??.??"]
[WhiteTeam "SF HN-Biberach"]
[BlackTeam "FC Bierstadt"]

1. e4 e5 2. Nf3 Nc6 3. d4 exd4 4. Nxd4 Nf6 5. Nxc6 bxc6 6. e5 Nd5 7. c4 Nb6 8.
Bd3 d6 9. exd6 cxd6 10. O-O Be6 11. Re1 Be7 12. Qc2 g6 13. b3 Bf6 14. Bb2 Bxb2
15. Qxb2 O-O 16. Nd2 Nd7 17. Rad1 Qf6 18. Qxf6 Nxf6 19. Ne4 Ne8 20. Ng5 Nc7 21.
h4 h6 22. Nxe6 Nxe6 23. Bxg6 Rad8 24. Bf5 Ng7 25. Be4 c5 26. Rd3 Rfe8 27. Kf1
Re6 28. Bd5 Rxe1+ 29. Kxe1 Nf5 30. Rf3 Nxh4 31. Rxf7 1-0